Vernosť prináša vzácne dáta
Aj keď vernostné programy nezaručujú stopercentnú lojalitu spotrebiteľov, dokážu generovať hodnotu. Predstavujú totiž ideálny nástroj na zber množstva údajov pre lepšie pochopenie potrieb zákazníka. Vernostné karty sa v súčasnosti presúvajú do virtuálneho priestoru. Konkrétne programy jednotlivých s...
Salvato in:
| Autore principale: | |
|---|---|
| Natura: | Capitolo di libro |
| Lingua: | slovacco |
| Soggetti: | |
| Tags: |
Nessun Tag, puoi essere il primo ad aggiungerne!!
|
MARC
| LEADER | 00000naa a2200000 4500 | ||
|---|---|---|---|
| 001 | 0276658 | ||
| 005 | 20210629102854.1 | ||
| 041 | 0 | |a slo | |
| 044 | |a CZ | ||
| 245 | 1 | 0 | |a Vernosť prináša vzácne dáta |c Tatiana Kapitánová |
| 520 | |a Aj keď vernostné programy nezaručujú stopercentnú lojalitu spotrebiteľov, dokážu generovať hodnotu. Predstavujú totiž ideálny nástroj na zber množstva údajov pre lepšie pochopenie potrieb zákazníka. Vernostné karty sa v súčasnosti presúvajú do virtuálneho priestoru. Konkrétne programy jednotlivých spoločností. | ||
| 610 | 2 | 0 | |a programy vernostné |
| 610 | 2 | 0 | |a lojálnosť zákazníkov |
| 610 | 2 | 0 | |a stratégia marketingová |
| 610 | 2 | 0 | |a reťazce obchodné |
| 610 | 2 | 0 | |a správanie spotrebiteľa |
| 100 | 1 | |a Kapitánová, Tatiana | |